000 00331 a2200157 4500
001 57841
020 _a9788516055684
040 _cAnchieta - Pituba
100 _aWilce, Ysabeau S.
240 1 0 _aFlora segunda
_lpor
245 1 0 _aFlora segunda
300 _a446
362 0 _a2007
650 4 _aLiteratura juvenil
942 _cBK
999 _c57841
_d57841